State of doom : (Record no. 14258)

000 -LEADER
fixed length control field 00689cam a22002295a 4500
001 - CONTROL NUMBER
control field 17240556
005 - DATE AND TIME OF LATEST TRANSACTION
control field 20170105102851.0
008 - FIXED-LENGTH DATA ELEMENTS--GENERAL INFORMATION
fixed length control field 120403s2012 enk 000 0 eng
010 ## - LIBRARY OF CONGRESS CONTROL NUMBER
LC control number 2012454791
020 ## - INTERNATIONAL STANDARD BOOK NUMBER
International Standard Book Number 9781441159847 (hbk.)
020 ## - INTERNATIONAL STANDARD BOOK NUMBER
International Standard Book Number 9781441124623 (pbk.)
040 ## - CATALOGING SOURCE
Original cataloging agency DLC
Transcribing agency DLC
042 ## - AUTHENTICATION CODE
Authentication code pcc
050 00 - LIBRARY OF CONGRESS CALL NUMBER
Classification number *
100 1# - MAIN ENTRY--PERSONAL NAME
Personal name Zellen, Barry Scott.
245 10 - TITLE STATEMENT
Title State of doom :
Remainder of title Bernard Brodie, the bomb, and the birth of the bipolar world /
Statement of responsibility, etc. Barry Scott Zellen.
260 ## - PUBLICATION, DISTRIBUTION, ETC.
Place of publication, distribution, etc. London :
Name of publisher, distributor, etc. Continuum,
Date of publication, distribution, etc. 2012.
300 ## - PHYSICAL DESCRIPTION
Extent 342 p. ;
Dimensions 23 cm.
906 ## - LOCAL DATA ELEMENT F, LDF (RLIN)
a 0
b ibc
c orignew
d 2
e ncip
f 20
g y-gencatlg
942 ## - ADDED ENTRY ELEMENTS (KOHA)
Source of classification or shelving scheme
Koha item type Book
Holdings
Withdrawn status Lost status Damaged status Not for loan Collection code Permanent Location Current Location Shelving location Date acquired Total Checkouts Full call number Barcode Date last seen Price effective from Koha item type
          Centre for International Peace & Stability (CIPS) Centre for International Peace & Stability (CIPS) General Stacks 08/13/2013   355.0217092 ZEL 2012 CIPS0000431 08/21/2013 08/21/2013 Book
© 2023 Central Library, National University of Sciences and Technology. All Rights Reserved.